000 00733nam a2200193 a 4500
001 BRCA_2109
005 20190320203655.0
008 120808s1991----mx-#---###---#000-0#spa-#
050 4 _aF1391.P8
_b.L43 51
_c1991
100 1 _aMeade de Angulo, Mercedes
_9281
245 1 0 _aAgricultura, industria y comercio coloniales
_cselección y prólogo Mercedes Meade de Angulo.
260 _aPuebla, México
_bGobierno del Estado de Puebla : Secretaría de Cultura : Comisión Puebla V Centenario
_c1991
300 _a27 p.
_c21 cm.
440 0 _aLecturas Históricas de Puebla
_n51
_96392
651 4 _aPuebla (México)
_xHistoria
_9409
651 4 _aPuebla (México)
_xVida social y costumbres
_9408
653 0 _aVida cotidiana
942 _2lcc
_cB
999 _c1866
_d1866